000 00945nmc a2200337 a 4500
003 AR-BaBNM
005 20251128210356.0
008 030020s1998 ||||||||||||||000 | spa||
020 _a950-9293-96-2
040 _cAR-BaBNM
100 1 _aKeylor, William R.
245 1 0 _aEl mundo del siglo XX
_bla guerra de los treinta años. 1
260 _aBuenos Aires
_bDocencia
_bFundación Universidad a Distancia Hernandarias
_c1998
300 0 _a349 p.
_bmapas, tablas
490 0 _aUniversitas
_vv. 425
650 4 _aSIGLO VEINTE
650 4 _aGUERRAS MUNDIALES
650 4 _aOPERACIONES BELICAS
650 4 _aCONFLICTO INTERNACIONAL
650 4 _aFUERZAS ARMADAS
650 4 _aNACIONES AGRESORAS
650 4 _aAGRESION BELICA
650 4 _aHISTORIA ECONOMICA
650 4 _aCRISIS ECONOMICA
650 4 _aNAZISMO
650 4 _aIMPERIALISMO
651 4 _aJapón
651 4 _aEstados Unidos
942 _cBK
998 _cMariana
999 _c15212
_d15212